| 000 | 00586nam a2200217Ia 4500 | ||
|---|---|---|---|
| 005 | 20241129115711.0 | ||
| 008 | 241129s9999||||xx |||||||||||||| ||und|| | ||
| 020 | _a9788178246635 | ||
| 037 | _aTB | ||
| 040 |
_aSDCL _beng _cSDCL |
||
| 041 |
_aeng _2eng |
||
| 084 |
_aV2'L P5 _qSDCL |
||
| 100 | _aLal Ruby | ||
| 245 | 0 | _aDomesticity and power in the early mughal world : Historicizing the haram | |
| 260 |
_aRanikhet _bPermanent Black _c2005 |
||
| 300 | _axv,241p. | ||
| 365 |
_aINR _b695 |
||
| 650 | _aReference | ||
| 942 |
_cTB _hV2'L P5 |
||
| 999 |
_c1231624 _d1231624 |
||